Sports Quiz

Random Sports Quiz

The Greatest Pitching Duos and Trios Quiz Stats

 Plays Quiz not verified by Sporcle

Support Sporcle.
Go Orange.
Score 0/18 Timer 10:00
0 Plays Today
Given Pitcher(s) Missing Pitcher % Correct
Randy JohnsonCurt Schilling
97.1%
Tom Glavine, John SmoltzGreg Maddux
95.3%
Tim Hudson, Mark MulderBarry Zito
90%
Frank TananaNolan Ryan
85.9%
Steve CarltonBob Gibson
84.7%
Ron Darling, David ConeDwight Gooden
83.5%
Sandy KoufaxDon Drysdale
80.6%
Mike Cuellar, Dave McNallyJim Palmer
80.6%
Early Wynn, Bob LemonBob Feller
72.4%
Given Pitcher(s) Missing Pitcher % Correct
Lew BurdetteWarren Spahn
72.4%
Bob WelchDave Stewart
70.6%
Vida BlueCatfish Hunter
67.1%
Joe McGinnityChristy Mathewson
64.7%
Jim KaatBert Blyleven
60.6%
Juan MarichalGaylord Perry
50.6%
Red RuffingLefty Gomez
50%
Tom SeaverJerry Koosman
49.4%
Herb PennockWaite Hoyt
30.6%

You're not logged in!

Compare scores with friends on all Sporcle quizzes.
OR
Log In

From the Vault

European Country A-Z Blitz

by Flick

Much faster than backpacking through Europe.
Remove Ads.
Support Sporcle.
Get the best of Sporcle when you Go Orange. This ad-free experience offers more features, more stats, and more fun while also helping to support Sporcle. Thank you for becoming a member.

Show Comments

Extras

Top Quizzes Today


Score Distribution

Your Account Isn't Verified!

In order to create a playlist on Sporcle, you need to verify the email address you used during registration. Go to your Sporcle Settings to finish the process.

Report this User

Report this user for behavior that violates our Community Guidelines.

Details: